书目信息 |
| 题名: |
行走 发现
|
|
| 作者: | 陈金香 主编 | |
| 分册: | ||
| 出版信息: | 北京 人民日报出版社 2019.04 |
|
| 页数: | 281页 | |
| 开本: | 24cm | |
| 丛书名: | ||
| 单 册: | ||
| 中图分类: | G622.0 | |
| 科图分类: | ||
| 主题词: | 小学--xiao xue--教学设计 | |
| 电子资源: | ||
| ISBN: | 978-7-5115-5906-7 | |
| 000 | 00839nam0 2200229 450 | |
| 001 | 0104125625 | |
| 005 | 20201104125712.0 | |
| 010 | @a978-7-5115-5906-7@dCNY54.00 | |
| 100 | @a20200408d2019 em y0chiy50 ea | |
| 101 | 0 | @achi |
| 102 | @aCN@b110000 | |
| 105 | @aa z 000yy | |
| 106 | @ar | |
| 200 | 1 | @a行走 发现@Axing zou fa xian@e北京教育科学研究院通州区第一实验小学优秀教学设计集锦@f陈金香主编 |
| 210 | @a北京@c人民日报出版社@d2019.04 | |
| 215 | @a281页@c图@d24cm | |
| 330 | @a本书收录了自2003年北京教育科学研究院通州区第一实验小学建校以来老师们的优秀教学设计,这些设计是老师们在发现教育引领下潜心教育研究的记录,也是老师与学生共同成长的记录。 | |
| 606 | 0 | @a小学@Axiao xue@x教学设计 |
| 690 | @aG622.0@v5 | |
| 701 | 0 | @a陈金香@Achen jin xiang@c(女)@4主编 |
| 801 | 0 | @aCN@bBJSZM@c20201104 |
| 905 | @b1260646-50@dG622.0@e1164@f5 | |
| 行走 发现:北京教育科学研究院通州区第一实验小学优秀教学设计集锦/陈金香主编.-北京:人民日报出版社,2019.04 |
| 281页:图;24cm |
| ISBN 978-7-5115-5906-7:CNY54.00 |
| 本书收录了自2003年北京教育科学研究院通州区第一实验小学建校以来老师们的优秀教学设计,这些设计是老师们在发现教育引领下潜心教育研究的记录,也是老师与学生共同成长的记录。 |
| ● |
| 相关链接 |
|
|
|
|
正题名:行走 发现
索取号:G622.0/1164
 
预约/预借
| 序号 | 登录号 | 条形码 | 馆藏地/架位号 | 状态 | 备注 |
| 1 | 1260646 | 212606465 | 第一样本阅览室/ [索取号:G622.0/1164] | 在馆 | |
| 2 | 1260647 | 212606474 | 教育系资料室/ [索取号:G622.0/1164] | 在馆 | |
| 3 | 1260648 | 212606483 | 教育系资料室/ [索取号:G622.0/1164] | 在馆 | |
| 4 | 1260649 | 212606492 | 第四借阅区/ [索取号:G622.0/1164] | 在馆 | |
| 5 | 1260650 | 212606508 | 第四借阅区/ [索取号:G622.0/1164] | 在馆 |